<?xml version="1.0" encoding="UTF-8"?>
<record
    xmlns:xsi="http://www.w3.org/2001/XMLSchema-instance"
    xsi:schemaLocation="http://www.loc.gov/MARC21/slim http://www.loc.gov/standards/marcxml/schema/MARC21slim.xsd"
    xmlns="http://www.loc.gov/MARC21/slim">

  <leader>00608nam a22002057a 4500</leader>
  <controlfield tag="003">OSt</controlfield>
  <controlfield tag="005">20260618123415.0</controlfield>
  <controlfield tag="008">260618b        |||||||| |||| 00| 0 eng d</controlfield>
  <datafield tag="020" ind1=" " ind2=" ">
    <subfield code="a">9780679890508</subfield>
  </datafield>
  <datafield tag="040" ind1=" " ind2=" ">
    <subfield code="c">Chuka University Library</subfield>
  </datafield>
  <datafield tag="050" ind1=" " ind2=" ">
    <subfield code="a">PZ 7</subfield>
    <subfield code="b">.O8 1998</subfield>
  </datafield>
  <datafield tag="100" ind1=" " ind2=" ">
    <subfield code="a">Osborne Mary Pope</subfield>
    <subfield code="9">27687</subfield>
  </datafield>
  <datafield tag="245" ind1=" " ind2=" ">
    <subfield code="a">Magic Tree House</subfield>
    <subfield code="b">Vacation Under the Volcano</subfield>
  </datafield>
  <datafield tag="260" ind1=" " ind2=" ">
    <subfield code="a">New York</subfield>
    <subfield code="b">Random House</subfield>
    <subfield code="c">1998</subfield>
  </datafield>
  <datafield tag="300" ind1=" " ind2=" ">
    <subfield code="a">various paging</subfield>
    <subfield code="b">Illustrated includes indexes</subfield>
  </datafield>
  <datafield tag="650" ind1=" " ind2=" ">
    <subfield code="a">Time travel-fiction</subfield>
    <subfield code="9">30173</subfield>
  </datafield>
  <datafield tag="650" ind1=" " ind2=" ">
    <subfield code="a">Tree houses-fiction</subfield>
    <subfield code="9">30174</subfield>
  </datafield>
  <datafield tag="650" ind1=" " ind2=" ">
    <subfield code="a">Vesuvius</subfield>
    <subfield code="9">30175</subfield>
  </datafield>
  <datafield tag="942" ind1=" " ind2=" ">
    <subfield code="2">lcc</subfield>
    <subfield code="c">BK</subfield>
    <subfield code="n">0</subfield>
  </datafield>
  <datafield tag="952" ind1=" " ind2=" ">
    <subfield code="0">0</subfield>
    <subfield code="1">0</subfield>
    <subfield code="2">lcc</subfield>
    <subfield code="4">0</subfield>
    <subfield code="7">0</subfield>
    <subfield code="8">LGL</subfield>
    <subfield code="a">CHK</subfield>
    <subfield code="b">CHK</subfield>
    <subfield code="c">GEN</subfield>
    <subfield code="d">2026-06-18</subfield>
    <subfield code="e">Donation From Books for Africa</subfield>
    <subfield code="g">833.00</subfield>
    <subfield code="l">0</subfield>
    <subfield code="o">PZ 7 .O8 1998</subfield>
    <subfield code="p">35450/2026</subfield>
    <subfield code="r">2026-07-02 11:41:02</subfield>
    <subfield code="t">1</subfield>
    <subfield code="w">2026-06-18</subfield>
    <subfield code="y">BK</subfield>
  </datafield>
  <datafield tag="952" ind1=" " ind2=" ">
    <subfield code="0">0</subfield>
    <subfield code="1">0</subfield>
    <subfield code="2">lcc</subfield>
    <subfield code="4">0</subfield>
    <subfield code="7">0</subfield>
    <subfield code="8">LGL</subfield>
    <subfield code="a">CHK</subfield>
    <subfield code="b">CHK</subfield>
    <subfield code="c">GEN</subfield>
    <subfield code="d">2026-06-18</subfield>
    <subfield code="e">Donation From Books for Africa</subfield>
    <subfield code="g">833.00</subfield>
    <subfield code="l">0</subfield>
    <subfield code="o">PZ 7 .O8 1998</subfield>
    <subfield code="p">35451/2026</subfield>
    <subfield code="r">2026-07-02 15:39:13</subfield>
    <subfield code="t">2</subfield>
    <subfield code="w">2026-06-18</subfield>
    <subfield code="y">BK</subfield>
  </datafield>
  <datafield tag="952" ind1=" " ind2=" ">
    <subfield code="0">0</subfield>
    <subfield code="1">0</subfield>
    <subfield code="2">lcc</subfield>
    <subfield code="4">0</subfield>
    <subfield code="7">0</subfield>
    <subfield code="8">LGL</subfield>
    <subfield code="a">CHK</subfield>
    <subfield code="b">CHK</subfield>
    <subfield code="c">GEN</subfield>
    <subfield code="d">2026-06-18</subfield>
    <subfield code="e">Donation From Books for Africa</subfield>
    <subfield code="g">833.00</subfield>
    <subfield code="l">0</subfield>
    <subfield code="o">PZ 7 .O8 1998</subfield>
    <subfield code="p">35452/2026</subfield>
    <subfield code="r">2026-06-18 12:44:02</subfield>
    <subfield code="t">3</subfield>
    <subfield code="w">2026-06-18</subfield>
    <subfield code="y">BK</subfield>
  </datafield>
  <datafield tag="952" ind1=" " ind2=" ">
    <subfield code="0">0</subfield>
    <subfield code="1">0</subfield>
    <subfield code="2">lcc</subfield>
    <subfield code="4">0</subfield>
    <subfield code="7">0</subfield>
    <subfield code="8">LGL</subfield>
    <subfield code="a">CHK</subfield>
    <subfield code="b">CHK</subfield>
    <subfield code="c">FIC</subfield>
    <subfield code="d">2026-06-18</subfield>
    <subfield code="e">Donation From Books for Africa</subfield>
    <subfield code="g">833.00</subfield>
    <subfield code="l">0</subfield>
    <subfield code="o">PZ 7 .O8 1998</subfield>
    <subfield code="p">35453/2026</subfield>
    <subfield code="r">2026-06-18 12:44:38</subfield>
    <subfield code="t">4</subfield>
    <subfield code="w">2026-06-18</subfield>
    <subfield code="y">BK</subfield>
  </datafield>
  <datafield tag="952" ind1=" " ind2=" ">
    <subfield code="0">0</subfield>
    <subfield code="1">0</subfield>
    <subfield code="2">lcc</subfield>
    <subfield code="4">0</subfield>
    <subfield code="7">0</subfield>
    <subfield code="8">LGL</subfield>
    <subfield code="a">CHK</subfield>
    <subfield code="b">CHK</subfield>
    <subfield code="c">GEN</subfield>
    <subfield code="d">2026-06-18</subfield>
    <subfield code="e">Donation From Books for Africa</subfield>
    <subfield code="g">833.00</subfield>
    <subfield code="l">0</subfield>
    <subfield code="o">PZ 7 .O8 1998</subfield>
    <subfield code="p">35449/2026</subfield>
    <subfield code="r">2026-06-18 12:45:22</subfield>
    <subfield code="t">5</subfield>
    <subfield code="w">2026-06-18</subfield>
    <subfield code="y">BK</subfield>
  </datafield>
  <datafield tag="999" ind1=" " ind2=" ">
    <subfield code="c">24774</subfield>
    <subfield code="d">24774</subfield>
  </datafield>
</record>
